<?xml version="1.0" encoding="UTF-8"?>
<record
    xmlns:xsi="http://www.w3.org/2001/XMLSchema-instance"
    xsi:schemaLocation="http://www.loc.gov/MARC21/slim http://www.loc.gov/standards/marcxml/schema/MARC21slim.xsd"
    xmlns="http://www.loc.gov/MARC21/slim">

  <leader>00811cam a2200217 a 4500</leader>
  <controlfield tag="003">OSt</controlfield>
  <controlfield tag="005">20140109190850.0</controlfield>
  <controlfield tag="008">131014s2013    spc||||  |||| 000 0 spa|d</controlfield>
  <datafield tag="017" ind1=" " ind2=" ">
    <subfield code="a">DL B. 18577-2013</subfield>
    <subfield code="b">Biblioteca de Catalunya</subfield>
  </datafield>
  <datafield tag="020" ind1=" " ind2=" ">
    <subfield code="a">9788496642782</subfield>
  </datafield>
  <datafield tag="040" ind1=" " ind2=" ">
    <subfield code="a">ES-BaBC</subfield>
    <subfield code="b">cat</subfield>
    <subfield code="c">CDMR</subfield>
  </datafield>
  <datafield tag="100" ind1="1" ind2=" ">
    <subfield code="a">Vila-Sanju&#xE1;n, Sergio,</subfield>
    <subfield code="d">1957-</subfield>
  </datafield>
  <datafield tag="245" ind1="1" ind2="3">
    <subfield code="a">La Cultura y la vida</subfield>
    <subfield code="b">: catorce cr&#xF3;nicas de escritores, artistas, cambios de &#xE9;poca y aventuras creativas</subfield>
    <subfield code="c">Sergio Vila-Sanju&#xE1;n</subfield>
  </datafield>
  <datafield tag="260" ind1=" " ind2=" ">
    <subfield code="a">Barcelona </subfield>
    <subfield code="b">La Vanguardia Ediciones</subfield>
    <subfield code="c">2013</subfield>
  </datafield>
  <datafield tag="300" ind1=" " ind2=" ">
    <subfield code="a">175 p. </subfield>
    <subfield code="b">il. </subfield>
    <subfield code="c">23 cm</subfield>
  </datafield>
  <datafield tag="490" ind1="1" ind2=" ">
    <subfield code="a">Libros de vanguardia</subfield>
  </datafield>
  <datafield tag="500" ind1=" " ind2=" ">
    <subfield code="a">Recull d'articles publicats al diari La Vanguardia o al seu suplement de cultura</subfield>
  </datafield>
  <datafield tag="651" ind1=" " ind2="7">
    <subfield code="a">Barcelona (Catalunya)</subfield>
    <subfield code="x">Vida intel&#xB7;lectual</subfield>
    <subfield code="y">S. XX</subfield>
    <subfield code="2">lemac</subfield>
  </datafield>
  <datafield tag="940" ind1=" " ind2=" ">
    <subfield code="a">BC</subfield>
  </datafield>
  <datafield tag="942" ind1=" " ind2=" ">
    <subfield code="2">udc</subfield>
    <subfield code="c">MON</subfield>
  </datafield>
  <datafield tag="999" ind1=" " ind2=" ">
    <subfield code="c">6691</subfield>
    <subfield code="d">6691</subfield>
  </datafield>
  <datafield tag="952" ind1=" " ind2=" ">
    <subfield code="0">0</subfield>
    <subfield code="1">0</subfield>
    <subfield code="4">0</subfield>
    <subfield code="7">0</subfield>
    <subfield code="a">CDMR</subfield>
    <subfield code="b">CDMR</subfield>
    <subfield code="d">2014-01-09</subfield>
    <subfield code="e">Donaci&#xF3;</subfield>
    <subfield code="l">1</subfield>
    <subfield code="o">Du 6/85</subfield>
    <subfield code="p">CDMR1401301166</subfield>
    <subfield code="r">2016-05-30</subfield>
    <subfield code="s">2016-05-13</subfield>
    <subfield code="w">2014-01-09</subfield>
    <subfield code="y">MON</subfield>
  </datafield>
</record>
